[Event "Sharjah Blitz op 27th"]
[Site "Sharjah"]
[Date "2022.04.08"]
[Round "5"]
[White "Soud, Jaber"]
[Black "Sameir, Ramez"]
[Result "1/2-1/2"]
[WhiteElo "1414"]
[BlackElo "1896"]
[PlyCount "92"]
[EventDate "2022.04.08"]
[EventType "swiss (blitz)"]
[EventRounds "9"]
[EventCountry "UAE"]
[SourceTitle "CBM 207 Extra"]
[Source "ChessBase"]
[SourceDate "2022.05.31"]
[SourceVersion "1"]
[SourceVersionDate "2022.05.31"]
[SourceQuality "1"]

1. Nf3 d5 2. g3 c6 3. Bg2 Bf5 4. 0-0 Nf6 5. d4 e6 6. c4 h6 7. Nc3 Be7 8. Nd2 0-0 9. e4 dxe4 10. Ndxe4 Nxe4 11. Nxe4 Nd7 12. Re1 Nf6 13. Nc3 Bb4 14. Qb3 Bxc3 15. bxc3 Qb6 16. Ba3 Rfe8 17. Qxb6 axb6 18. Bd6 Bd3 19. Bf1 Bxf1 20. Kxf1 Ra4 21. Rab1 Rxc4 22. Rxb6 Rxc3 23. Rxb7 Rc2 24. Re2 Rc1+ 25. Kg2 Ra8 26. a3 Ra4 27. Bc5 Nd5 28. Rb8+ Kh7 29. Rc8 h5 30. Rxc6 Rxd4 31. Bxd4 Rxc6 32. Ra2 Ra6 33. a4 Nb4 34. Rb2 Rxa4 35. Bc3 Nd5 36. Bd2 Rc4 37. h4 Kg6 38. Kf1 e5 39. Rb5 Rd4 40. Ke2 Kf5 41. Be1 Re4+ 42. Kf1 Rd4 43. Ke2 Ke4 44. f3+ Kf5 45. Rb7 Ke6 46. Bf2 Rc4 1/2-1/2

[Event "Sharjah Rapid op 27th"]
[Site "Sharjah"]
[Date "2022.04.07"]
[Round "9"]
[White "Sameir, Ramez"]
[Black "Sindarov, Javokhir"]
[Result "0-1"]
[WhiteElo "1896"]
[BlackElo "2609"]
[PlyCount "74"]
[EventDate "2022.04.06"]
[EventType "swiss (rapid)"]
[EventRounds "9"]
[EventCountry "UAE"]
[SourceTitle "CBM 207 Extra"]
[Source "ChessBase"]
[SourceDate "2022.05.31"]
[SourceVersion "1"]
[SourceVersionDate "2022.05.31"]
[SourceQuality "1"]

1. e4 c5 2. d4 cxd4 3. c3 Nf6 4. e5 Nd5 5. cxd4 Nc6 6. Nf3 d6 7. Bc4 Nb6 8. Bb3 d5 9. Nh4 e6 10. Nf3 Bd7 11. Bg5 Be7 12. Bxe7 Qxe7 13. Nc3 Rc8 14. 0-0 a6 15. Qe2 g5 16. Qe3 h6 17. h3 Qb4 18. Ne2 Na5 19. Ng3 Nbc4 20. Bxc4 Nxc4 21. Qe1 Qxe1 22. Rfxe1 Ke7 23. b3 Na3 24. Rac1 Bb5 25. Nf1 Nc2 26. Red1 Nb4 27. a3 Na2 28. Rc5 Nc3 29. Rd2 Ne4 30. Rxc8 Rxc8 31. Rd1 Rc3 32. a4 Be2 33. Re1 Bxf3 34. gxf3 Rxf3 35. Rc1 Kd7 36. b4 Rc3 37. Rxc3 Nxc3 0-1

[Event "Sharjah op blitz"]
[Site "Sharjah"]
[Date "2018.05.25"]
[Round "3"]
[White "Sameir, Ramez"]
[Black "Salem, AR Saleh"]
[Result "0-1"]
[WhiteElo "2048"]
[BlackElo "2642"]
[PlyCount "70"]
[EventDate "2018.05.25"]
[EventType "swiss (blitz)"]
[EventRounds "9"]
[EventCountry "UAE"]
[SourceTitle "CBM 184 Extra"]
[Source "ChessBase"]
[SourceDate "2018.06.28"]
[SourceVersion "1"]
[SourceVersionDate "2018.06.28"]
[SourceQuality "1"]

1. e4 c5 2. d4 cxd4 3. c3 d3 4. c4 d6 5. Bxd3 Nf6 6. Nc3 Nbd7 7. Nf3 e6 8. 0-0 Be7 9. Bf4 a6 10. Qe2 0-0 11. Rfd1 e5 12. Be3 b6 13. h3 Bb7 14. Nd5 Nxd5 15. cxd5 Nc5 16. Bc2 a5 17. Bxc5 bxc5 18. Bd3 Rb8 19. Bb5 Bc8 20. a4 g6 21. Bc4 Kg7 22. Ra3 Rb4 23. Bb5 f5 24. Nd2 Rxb2 25. Qd3 fxe4 26. Nxe4 Bf5 27. f3 Rb4 28. Re1 Bh4 29. Re2 Bg3 30. Rb3 Rd4 31. Qc2 Qh4 32. Bd3 Bxe4 33. Bxe4 Rf7 34. Rb8 Bf4 35. Qb1 Qg3 0-1

[Event "Al Ain op 3rd"]
[Site "Al Ain"]
[Date "2014.12.26"]
[Round "9"]
[White "Sameir, Ramez"]
[Black "Vijayalakshmi, Subbaraman"]
[Result "0-1"]
[WhiteElo "2128"]
[BlackElo "2329"]
[PlyCount "56"]
[EventDate "2014.12.19"]
[EventType "swiss"]
[EventRounds "9"]
[EventCountry "UAE"]
[SourceTitle "CBM 164 Extra"]
[Source "ChessBase"]
[SourceDate "2015.03.02"]
[SourceVersion "1"]
[SourceVersionDate "2015.03.02"]
[SourceQuality "1"]

1. e4 c5 2. Nc3 Nc6 3. f4 g6 4. Nf3 Bg7 5. Bb5 a6 6. Bxc6 dxc6 7. 0-0 Nf6 8. d3 0-0 9. Qe1 a5 10. f5 gxf5 11. Qh4 fxe4 12. Ng5 exd3 13. Be3 h6 14. Nge4 Nxe4 15. Nxe4 f5 16. Nxc5 dxc2 17. Kh1 f4 18. Bxf4 e5 19. Qxd8 Rxd8 20. Be3 Bg4 21. h3 Be2 22. Rfe1 Rd1 23. Rc1 e4 24. Bf2 e3 25. Bg3 Rxc1 26. Rxc1 Bd1 27. Na4 e2 28. Kg1 Bd4+ 0-1

[Event "Al Ain op 3rd"]
[Site "Al Ain"]
[Date "2014.12.21"]
[Round "4"]
[White "Sameir, Ramez"]
[Black "Atakishiyev, Elmar"]
[Result "1-0"]
[WhiteElo "2128"]
[BlackElo "1648"]
[PlyCount "109"]
[EventDate "2014.12.19"]
[EventType "swiss"]
[EventRounds "9"]
[EventCountry "UAE"]
[SourceTitle "CBM 164 Extra"]
[Source "ChessBase"]
[SourceDate "2015.03.02"]
[SourceVersion "1"]
[SourceVersionDate "2015.03.02"]
[SourceQuality "1"]

1. e4 e6 2. d3 d5 3. Nd2 c5 4. Ngf3 Nc6 5. g3 b6 6. Bg2 Bb7 7. 0-0 Nf6 8. Re1 Qc7 9. e5 Nd7 10. Qe2 0-0-0 11. Nf1 h6 12. h4 Be7 13. h5 Rdg8 14. c3 g5 15. hxg6 Rxg6 16. Bf4 h5 17. a3 h4 18. b4 hxg3 19. fxg3 Qd8 20. N1d2 f6 21. exf6 Bxf6 22. b5 Ne7 23. d4 Nf5 24. Qd3 Qg8 25. Nf1 Bg7 26. Ra2 Bh6 27. Ne5 Nxe5 28. Bxe5 c4 29. Qf3 Bg7 30. Ne3 Nxe3 31. Rxe3 Bxe5 32. dxe5 Qh7 33. Rf2 Qh2+ 34. Kf1 Qh7 35. Qf7 Qxf7 36. Rxf7 Rhg8 37. Kf2 R8g7 38. Ref3 Rxf7 39. Rxf7 Rg5 40. Bh3 Rxe5 41. Re7 Kb8 42. Rxe6 Rxe6 43. Bxe6 Kc7 44. Ke3 Kd6 45. Bf5 a6 46. bxa6 Bxa6 47. Kd4 Bb5 48. g4 Be8 49. g5 b5 50. g6 Ke7 51. Kxd5 Kf6 52. Bc2 Bd7 53. Kd6 Be8 54. Be4 Kg7 55. Ke7 1-0

[Event "Al Ain rapid"]
[Site "Al Ain"]
[Date "2014.12.18"]
[Round "6"]
[White "Soumya, Swaminathan"]
[Black "Sameir, Ramez"]
[Result "1-0"]
[WhiteElo "2309"]
[BlackElo "2075"]
[PlyCount "61"]
[EventDate "2014.12.18"]
[EventType "swiss (rapid)"]
[EventRounds "7"]
[EventCountry "UAE"]
[SourceTitle "EXT 2016"]
[Source "ChessBase"]
[SourceDate "2015.10.08"]
[SourceVersion "1"]
[SourceVersionDate "2015.10.08"]
[SourceQuality "1"]

1. e4 e6 2. d4 d5 3. Nc3 Bb4 4. e5 c5 5. a3 Bxc3+ 6. bxc3 Ne7 7. Qg4 Qc7 8. Qxg7 Rg8 9. Qxh7 cxd4 10. Ne2 Nbc6 11. f4 Bd7 12. h4 0-0-0 13. Qd3 dxc3 14. h5 Nf5 15. h6 Rg6 16. h7 Rh8 17. Qxc3 Rg7 18. Qd3 Na5 19. Rb1 Nc4 20. Rh3 Qa5+ 21. Rb4 Qc5 22. c3 a5 23. Rb1 Nxa3 24. Bxa3 Qxa3 25. Nd4 Nxd4 26. Qxd4 Rgxh7 27. Qa7 Rxh3 28. Qa8+ Kc7 29. Rxb7+ Kc6 30. Qa6+ Kc5 31. Qb6# 1-0

[Event "Sharjah op"]
[Site "Sharjah"]
[Date "2014.11.18"]
[Round "4"]
[White "Noroozi, Omid"]
[Black "Sameir, Ramez"]
[Result "1-0"]
[WhiteElo "2371"]
[BlackElo "2128"]
[PlyCount "63"]
[EventDate "2014.11.15"]
[EventType "swiss"]
[EventRounds "9"]
[EventCountry "UAE"]
[SourceTitle "CBM 163 Extra"]
[Source "ChessBase"]
[SourceDate "2014.12.23"]
[SourceVersion "1"]
[SourceVersionDate "2014.12.23"]
[SourceQuality "1"]

1. c4 e6 2. g3 d5 3. Bg2 Nf6 4. b3 Bd6 5. Bb2 0-0 6. Nf3 Nbd7 7. 0-0 c6 8. d4 Ne4 9. Nc3 f5 10. e3 Qe8 11. Ne2 g5 12. Ne5 Qh5 13. f3 Nef6 14. Rc1 c5 15. Nxd7 Bxd7 16. cxd5 Nxd5 17. dxc5 Be7 18. e4 fxe4 19. fxe4 Nf6 20. Bf3 g4 21. Nf4 Bxc5+ 22. Kh1 Qg5 23. h4 gxh3 24. Bxf6 Rxf6 25. Qxd7 Bb6 26. Rc8+ Rxc8 27. Qxc8+ Kf7 28. Qxb7+ Kg8 29. Qc8+ Kf7 30. Qd7+ Kg8 31. Qe8+ Kg7 32. Nxe6+ 1-0

[Event "Abu Dhabi op 22nd"]
[Site "Abu Dhabi"]
[Date "2014.08.27"]
[Round "8"]
[White "Iniyan, Panneerseluam"]
[Black "Sameir, Ramez"]
[Result "1/2-1/2"]
[WhiteElo "2048"]
[BlackElo "2113"]
[PlyCount "46"]
[EventDate "2014.08.20"]
[EventType "swiss"]
[EventRounds "9"]
[EventCountry "UAE"]
[SourceTitle "CBM 162 Extra"]
[Source "ChessBase"]
[SourceDate "2014.10.17"]
[SourceVersion "1"]
[SourceVersionDate "2014.10.17"]
[SourceQuality "1"]

1. e4 e6 2. d4 d5 3. Nc3 Bb4 4. e5 c5 5. a3 Bxc3+ 6. bxc3 Ne7 7. h4 Qc7 8. Bd2 Nbc6 9. Nf3 f6 10. Bf4 cxd4 11. cxd4 fxe5 12. Nxe5 Nxe5 13. Qd2 N7c6 14. dxe5 0-0 15. Bg3 Bd7 16. Bd3 Qa5 17. h5 h6 18. Rh4 Qxd2+ 19. Kxd2 Rac8 20. Rb1 Na5 21. Rbb4 Rc7 22. f3 Rfc8 23. Rb1 b6 1/2-1/2

[Event "Al Ain op 2nd"]
[Site "Al Ain"]
[Date "2013.12.20"]
[Round "2"]
[White "Sameir, Ramez"]
[Black "Hayrapetyan, Hovik"]
[Result "0-1"]
[WhiteElo "2070"]
[BlackElo "2458"]
[PlyCount "68"]
[EventDate "2013.12.19"]
[EventType "swiss"]
[EventRounds "9"]
[EventCountry "UAE"]
[SourceTitle "CBM 158 Extra"]
[Source "ChessBase"]
[SourceDate "2014.02.28"]
[SourceVersion "1"]
[SourceVersionDate "2014.02.28"]
[SourceQuality "1"]

1. e4 c5 2. Nf3 e6 3. d4 cxd4 4. Nxd4 a6 5. Bd3 Nc6 6. Nxc6 bxc6 7. 0-0 d5 8. c4 Nf6 9. Nc3 Bb7 10. Qb3 Qd7 11. Bg5 Be7 12. Rad1 Rd8 13. Rfe1 0-0 14. cxd5 cxd5 15. exd5 exd5 16. Qa4 Qxa4 17. Nxa4 Bb4 18. Bd2 Bd6 19. Ba5 Rde8 20. h3 Re6 21. Bf5 Rxe1+ 22. Rxe1 g6 23. Bd3 Rc8 24. Bd2 Nd7 25. Rc1 Rxc1+ 26. Bxc1 Bc6 27. Nc3 Nc5 28. Bb1 d4 29. Ne2 Be5 30. Bf4 d3 31. Bxe5 dxe2 32. Bc3 Be4 33. Bxe4 Nxe4 34. Be1 Nc5 0-1

[Event "Al Ain op 1st"]
[Site "Al Ain"]
[Date "2012.12.28"]
[Round "9"]
[White "Ayyad, Husain Abdulgalil"]
[Black "Sameir, Ramez"]
[Result "0-1"]
[WhiteElo "2205"]
[BlackElo "2068"]
[PlyCount "56"]
[EventDate "2012.12.22"]
[EventType "swiss"]
[EventRounds "9"]
[EventCountry "UAE"]
[SourceTitle "CBM 152 Extra"]
[Source "ChessBase"]
[SourceDate "2013.02.25"]
[SourceVersion "1"]
[SourceVersionDate "2013.02.25"]
[SourceQuality "1"]

1. e4 e6 2. d4 d5 3. exd5 exd5 4. Bd3 Nc6 5. c3 Bd6 6. Qf3 Be6 7. Ne2 Qd7 8. h3 Nge7 9. Bf4 Bf5 10. Nd2 0-0-0 11. Bxd6 Bxd3 12. Qxd3 Qxd6 13. b4 Qg6 14. Nf4 Qxd3 15. Nxd3 Nf5 16. 0-0 Rhe8 17. Rfe1 Nd6 18. f3 Nb5 19. Rac1 Rxe1+ 20. Nxe1 Re8 21. a4 Nxc3 22. Rxc3 Rxe1+ 23. Kf2 Ra1 24. b5 Nxd4 25. Re3 Ra2 26. Rd3 Rxa4 27. Ke3 Nxb5 28. Rxd5 Nd6 0-1

[Event "Al Ain op 1st"]
[Site "Al Ain"]
[Date "2012.12.22"]
[Round "1"]
[White "Ibrayev, Nurlan"]
[Black "Sameir, Ramez"]
[Result "1-0"]
[WhiteElo "2406"]
[BlackElo "2068"]
[PlyCount "65"]
[EventDate "2012.12.22"]
[EventType "swiss"]
[EventRounds "9"]
[EventCountry "UAE"]
[SourceTitle "CBM 152 Extra"]
[Source "ChessBase"]
[SourceDate "2013.02.25"]
[SourceVersion "1"]
[SourceVersionDate "2013.02.25"]
[SourceQuality "1"]

1. e4 e6 2. d4 d5 3. Nd2 Nf6 4. e5 Nfd7 5. f4 c5 6. c3 Nc6 7. Ndf3 Rb8 8. Bd3 b5 9. Ne2 Qb6 10. 0-0 b4 11. Kh1 g6 12. Be3 Ba6 13. g4 bxc3 14. bxc3 Bxd3 15. Qxd3 cxd4 16. cxd4 Qb5 17. Qxb5 Rxb5 18. f5 Be7 19. Rfc1 Rb6 20. Nf4 0-0 21. Kg2 Ba3 22. Rc2 Re8 23. Rf1 Nf8 24. Ng5 Be7 25. Nxf7 Kxf7 26. fxe6+ Kg8 27. Nxd5 Nxe5 28. Nxe7+ Rxe7 29. Rxf8+ Kxf8 30. Bh6+ Rg7 31. dxe5 Rxe6 32. Rc7 Ree7 33. Rxe7 1-0

[Event "Egypt op"]
[Site "Egypt"]
[Date "2009.07.27"]
[Round "7"]
[White "Elsayed, Moustafa"]
[Black "Sameir, Ramez"]
[Result "1-0"]
[WhiteElo "2216"]
[BlackElo "2081"]
[PlyCount "99"]
[EventDate "2009.07.20"]
[EventType "swiss"]
[EventRounds "9"]
[EventCountry "EGY"]
[SourceTitle "EXT 2011"]
[Source "ChessBase"]
[SourceDate "2010.11.26"]
[SourceVersion "1"]
[SourceVersionDate "2010.11.26"]
[SourceQuality "1"]

1. e4 e6 2. d4 d5 3. Nd2 Nf6 4. e5 Nfd7 5. Bd3 c5 6. c3 Nc6 7. Ne2 Qb6 8. Nf3 cxd4 9. cxd4 f6 10. Nf4 fxe5 11. Nxe5 Ndxe5 12. dxe5 Bb4+ 13. Kf1 Nxe5 14. Qh5+ Nf7 15. Bxh7 Qd4 16. Be3 Qe5 17. Qxe5 Nxe5 18. Bc2 0-0 19. h4 Nc4 20. Bc1 Bd2 21. g3 Bxc1 22. Rxc1 Bd7 23. b3 Ne5 24. Re1 Rac8 25. Bd1 Bb5+ 26. Kg2 Nd3 27. Nxd3 Bxd3 28. Rxe6 Rc1 29. Re3 Bb1 30. Bf3 Rxh1 31. Bxd5+ Kh8 32. Kxh1 Rxf2 33. Re8+ Kh7 34. Kg1 Rxa2 35. g4 b6 36. Bg8+ Kh6 37. Re6+ g6 38. Re1 Kg7 39. Bc4 Bc2 40. g5 Rb2 41. Re3 a5 42. Re7+ Kf8 43. Rb7 a4 44. bxa4 Bxa4 45. h5 gxh5 46. Rf7+ Ke8 47. g6 Rb1+ 48. Kh2 Rb2+ 49. Kh3 Bb3 50. g7 1-0